| 000 | 00706nam a2200229Ia 4500 | ||
|---|---|---|---|
| 003 | OSt | ||
| 005 | 20251107151951.0 | ||
| 008 | 220923b |||||||| |||| 00| 0 eng d | ||
| 020 | _a0816619492 | ||
| 037 | _cGeneral Book | ||
| 040 |
_aRTL _cRTL _beng |
||
| 041 |
_2eng _aeng |
||
| 084 |
_aY:3(P), N1 _qRTL |
||
| 100 |
_aOlsson, Gunnar _9287864 |
||
| 245 | 0 | _aLines of power: limits of language | |
| 260 |
_aMinneapolis _bUniversity of Minnesota Press _c1991 |
||
| 300 |
_a229 p. _bIncludes bibliographical references and index. |
||
| 500 | _aBibliography : P 209-18 | ||
| 650 |
_aSociology of Language _9231513 |
||
| 942 |
_hY:3(P), N1 _cGB _2CC _n0 |
||
| 999 |
_c590507 _d590507 |
||